Covenant : (Record no. 10576)
[ view plain ]
| 000 -LEADER | |
|---|---|
| fixed length control field | 00870nam a2200289Ia 4500 |
| 001 - CONTROL NUMBER | |
| control field | 30744079 |
| 003 - CONTROL NUMBER IDENTIFIER | |
| control field | OCoLC |
| 005 - DATE AND TIME OF LATEST TRANSACTION | |
| control field | 20210226152003.0 |
| 008 - FIXED-LENGTH DATA ELEMENTS--GENERAL INFORMATION | |
| fixed length control field | 940711s1969 mdu b 001 0 eng |
| 010 ## - LIBRARY OF CONGRESS CONTROL NUMBER | |
| LC control number | 69013539 |
| 020 ## - INTERNATIONAL STANDARD BOOK NUMBER | |
| International Standard Book Number | 0801810116 |
| 035 ## - SYSTEM CONTROL NUMBER | |
| System control number | .b5879492x |
| 040 ## - CATALOGING SOURCE | |
| Original cataloging agency | DLC |
| Language of cataloging | eng |
| Transcribing agency | CDH |
| 049 ## - LOCAL HOLDINGS (OCLC) | |
| Holding library | OSUU |
| 082 04 - DEWEY DECIMAL CLASSIFICATION NUMBER | |
| Classification number | 231.7 |
| 090 ## - LOCALLY ASSIGNED LC-TYPE CALL NUMBER (OCLC); LOCAL CALL NUMBER (RLIN) | |
| Classification number (OCLC) (R) ; Classification number, CALL (RLIN) (NR) | BT155 |
| Local cutter number (OCLC) ; Book number/undivided call number, CALL (RLIN) | H652C |
| 090 ## - LOCALLY ASSIGNED LC-TYPE CALL NUMBER (OCLC); LOCAL CALL NUMBER (RLIN) | |
| Classification number (OCLC) (R) ; Classification number, CALL (RLIN) (NR) | BT155 |
| Local cutter number (OCLC) ; Book number/undivided call number, CALL (RLIN) | H652C |
| 100 1# - MAIN ENTRY--PERSONAL NAME | |
| Personal name | Hillers, Delbert R |
| 245 10 - TITLE STATEMENT | |
| Title | Covenant : |
| Remainder of title | the history of a Biblical idea / |
| Statement of responsibility, etc. | Delbert R. Hillers |
| 260 ## - PUBLICATION, DISTRIBUTION, ETC. | |
| Place of publication, distribution, etc. | Baltimore : |
| Name of publisher, distributor, etc. | John Hopkins University Press, |
| Date of publication, distribution, etc. | 1969 |
| Date of manufacture | (1987 printing) |
| 300 ## - PHYSICAL DESCRIPTION | |
| Extent | xii, 194 p. ; |
| Dimensions | 22 cm |
| 490 0# - SERIES STATEMENT | |
| Series statement | Seminars in the history of ideas |
| 500 ## - GENERAL NOTE | |
| General note | "A John Hopkins paperback" -- from p.4 of cover |
| 504 ## - BIBLIOGRAPHY, ETC. NOTE | |
| Bibliography, etc. note | Includes bibliographical references (p. [189]-192) and index |
| 650 #0 - SUBJECT ADDED ENTRY--TOPICAL TERM | |
| Topical term or geographic name entry element | Covenant theology |
| 942 ## - ADDED ENTRY ELEMENTS (KOHA) | |
| Source of classification or shelving scheme | Dewey Decimal Classification |
| Koha item type | Books |
| Withdrawn status | Lost status | Source of classification or shelving scheme | Damaged status | Not for loan | Collection code | Home library | Current library | Shelving location | Date acquired | Total Checkouts | Full call number | Barcode | Date last seen | Price effective from | Koha item type |
|---|---|---|---|---|---|---|---|---|---|---|---|---|---|---|---|
| Dewey Decimal Classification | Non-fiction | Harvest Mission College | Harvest Mission College | General Stacks | 04.03.2021 | 231.7 H652C | 012275 | 04.03.2021 | 04.03.2021 | Books |
